| 000 | 01580cam a22004095a 4500 | ||
|---|---|---|---|
| 001 | 14813661 | ||
| 005 | 20081016124829.0 | ||
| 008 | 070419s2008 nyua b 001 0 eng | ||
| 010 | _a 2007927162 | ||
| 015 |
_aGBA790588 _2bnb |
||
| 016 | 7 |
_a014276094 _2Uk |
|
| 020 | _a9780387757230(hbk.) | ||
| 020 | _a9780387757247(hbk.) | ||
| 035 | _a(OCoLC)ocn181068650 | ||
| 040 |
_aUKM _cUKM _dBAKER _dBTCTA _dYDXCP _dOHX _dRRR _dDLC |
||
| 041 | 1 |
_aeng _hjpn |
|
| 042 |
_aukblcatcopy _alccopycat |
||
| 082 | 0 | 4 |
_a621.36 _222 _bLIZ |
| 100 | 1 |
_aIizuka, Keigo, _d1931- _95750 |
|
| 245 | 1 | 0 |
_aEngineering optics / _cKeigo Iizuka. |
| 250 | _a3rd ed. | ||
| 260 |
_aNew York : _bSpringer, _cc2008. |
||
| 300 |
_axx, 525 p. : _bill. (some col.) ; _c25 cm. |
||
| 440 | 0 |
_aSpringer series in optical sciences ; _v35 _95751 |
|
| 500 | _aPrevious ed. of this translation: 1987. | ||
| 504 | _aIncludes bibliographical references and index. | ||
| 546 | _aTranslated from the Japanese. | ||
| 650 | 0 |
_aPhotonics. _95752 |
|
| 650 | 0 |
_aOptics. _95753 |
|
| 856 | 4 | 2 |
_3Publisher description _uhttp://www.loc.gov/catdir/enhancements/fy0826/2007927162-d.html |
| 856 | 4 | 1 |
_3Table of contents only _uhttp://www.loc.gov/catdir/enhancements/fy0826/2007927162-t.html |
| 942 |
_2ddc _cBB |
||
| 999 |
_c11725 _d11725 |
||